Auktion 164. AM29. UND30. MAI 1969 (Record no. 6089)
[ view plain ]
| 000 -CABECERA | |
|---|---|
| campo de control de longitud fija | 01063nam a2200253 a 4500 |
| 001 - NÚMERO DE CONTROL | |
| campo de control | BRCA_6404 |
| 005 - FECHA Y HORA DE LA ÚLTIMA TRANSACCIÓN | |
| campo de control | 20190320205436.0 |
| 008 - DATOS DE LONGITUD FIJA--INFORMACIÓN GENERAL | |
| campo de control de longitud fija | 080911s1969----gw-a######---#000-0#ger-# |
| 041 ## - CÓDIGO DE LENGUA | |
| Código de lengua del texto/banda sonora o título independiente | ger |
| 044 ## - CÓDIGO DEL PAÍS DE LA ENTIDAD EDITORA/PRODUCTORA | |
| Código MARC del país | gw |
| 050 #4 - SIGNATURA TOPOGRÁFICA DE LA BIBLIOTECA DEL CONGRESO | |
| Número de clasificación | N8640 |
| Número de documento/Ítem | .A95 1969 |
| 245 10 - MENCIÓN DE TÍTULO | |
| Título | Auktion 164. AM29. UND30. MAI 1969 |
| Resto del título | I. Wertvolle Bücher Autographen. II. Die Bibliothek Carl Merck. |
| 260 ## - PUBLICACIÓN, DISTRIBUCIÓN, ETC. | |
| Lugar de publicación, distribución, etc. | Hamburgo, Alemania |
| Nombre del editor, distribuidor, etc. | Dr. Ernst Hauswedell |
| Fecha de publicación, distribución, etc. | 1969 |
| 300 ## - DESCRIPCIÓN FÍSICA | |
| Extensión | 194 p. |
| Otras características físicas | il. |
| Dimensiones | 24 cm. |
| Material acompañante/anejo | hoja de órdenes para la adquisición de un libro por Franz Mayer |
| 500 ## - NOTA GENERAL | |
| Nota general | Besichtigung in Hamburg: Freitag, 23. und Dienstag, 27. Mai, 10-15 Uhr Mittwoch, 28. Mai 10-15 Uhr (nur für Auswärtige) |
| 500 ## - NOTA GENERAL | |
| Nota general | Hay títulos de libros seleccionados (por medio de una línea) por Franz Mayer |
| 500 ## - NOTA GENERAL | |
| Nota general | Catálogo de subasta inventariado por Banco de México como libro |
| 500 ## - NOTA GENERAL | |
| Nota general | CDE19 |
| 610 24 - PUNTO DE ACCESO ADICIONAL DE MATERIA--NOMBRE DE ENTIDAD CORPORATIVA | |
| Nombre de entidad corporativa o nombre de jurisdicción como elemento de entrada | Dr. Ernst Hauswedell |
| Subdivisión de forma | Catálogos |
| 9 (RLIN) | 16015 |
| 650 14 - PUNTO DE ACCESO ADICIONAL DE MATERIA--TÉRMINO DE MATERIA | |
| Término de materia o nombre geográfico como elemento de entrada | Libros antiguos |
| Subdivisión de forma | Subastas |
| Subdivisión general | Catálogos |
| 9 (RLIN) | 16016 |
| 650 14 - PUNTO DE ACCESO ADICIONAL DE MATERIA--TÉRMINO DE MATERIA | |
| Término de materia o nombre geográfico como elemento de entrada | Grabados |
| Subdivisión de forma | Subastas |
| Subdivisión general | Catálogos |
| 9 (RLIN) | 16017 |
| 902 ## - CATALOGADOR | |
| Iniciales | GFM |
| 942 ## - ELEMENTOS DE PUNTO DE ACCESO ADICIONAL (KOHA) | |
| Fuente del sistema de clasificación o colocación | Library of Congress Classification |
| Tipo de ítem Koha | Libros |
| Estado de retiro | Estado de pérdida | Estado dañado | No para préstamo | Localización permanente | Ubicación/localización actual | Fecha de adquisición | Número de inventario | Total de préstamos | Signatura topográfica completa | Código de barras | Fecha visto por última vez | Precio válido a partir de | Tipo de ítem Koha |
|---|---|---|---|---|---|---|---|---|---|---|---|---|---|
| El ejemplar forma parte de la colección y puede ser consultado según las políticas vigentes. | Biblioteca del Museo Franz Mayer (Rogerio Casas-Alatriste) | Biblioteca del Museo Franz Mayer (Rogerio Casas-Alatriste) | 08/09/2011 | CDE19 | N8640 .A95 1969 (CDE19) | 6851 | 22/03/2019 | 22/03/2019 | Libros |